Online
Catalog

Cuadernos de Historia : (Record no. 40629)

MARC details
000 -CABECERA
campo de control de longitud fija 01102nam a2200217 a 4500
001 - NÚMERO DE CONTROL
campo de control 000041139
005 - FECHA Y HORA DE LA ÚLTIMA TRANSACCIÓN
campo de control 20201002034642.0
008 - DATOS DE LONGITUD FIJA--INFORMACIÓN GENERAL
campo de control de longitud fija 130919s1977 sp 000 0 spa d
020 ## - NÚMERO INTERNACIONAL ESTÁNDAR DEL LIBRO
Número Internacional Estándar del Libro 8400036484(v.7)
020 ## - NÚMERO INTERNACIONAL ESTÁNDAR DEL LIBRO
Número Internacional Estándar del Libro 8400054391 (v.10)
040 ## - FUENTE DE LA CATALOGACIÓN
Centro catalogador/agencia de origen DO-SdBNP
Lengua de catalogación spa
Centro/agencia transcriptor BNPHU
245 00 - MENCIÓN DE TÍTULO
Título Cuadernos de Historia :
Resto del título Anexos de la revista Hispania /
Mención de responsabilidad, etc. director Miguel Ángel Ladero Quesada.
260 ## - PUBLICACIÓN, DISTRIBUCIÓN, ETC.
Lugar de publicación, distribución, etc. Madrid :
Nombre del editor, distribuidor, etc. Instituto Jeronimo Zurita,
Fecha de publicación, distribución, etc. 1977.
300 ## - DESCRIPCIÓN FÍSICA
Extensión v. ;
Dimensiones 25 cm
Otras características físicas il.
490 1# - MENCIÓN DE SERIE
Mención de serie Cuadernos de Historia
Designación de volumen o secuencia . 7
504 ## - NOTA DE BIBLIOGRAFÍA, ETC.
Nota de bibliografía, etc. Incluye referencias bibliográficas y notas al pie de las páginas
505 0# - NOTA DE CONTENIDO CON FORMATO
Información miscelánea v. 7
Título Andalucía, de la Edad Media a la Moderna /
Mención de responsabilidad volumen preparado bajo la dirección del profesor Miguel Ángel Ladero Quesada --
Información miscelánea v. 10
Título aEstudios de historia de la Región Murciana
Mención de responsabilidad presentación José María Jover Zamora ; coordinadora María Teresa Pérez Picazo
700 1# - PUNTO DE ACCESO ADICIONAL--NOMBRE DE PERSONA
Nombre de persona Ladero Quesada, Miguel Ángel,
Término indicativo de función/relación dir.
9 (RLIN) 67684
710 2# - PUNTO DE ACCESO ADICIONAL--NOMBRE DE ENTIDAD CORPORATIVA
Nombre de entidad corporativa o nombre de jurisdicción como elemento de entrada Consejo Superior de Investigaciones Científicas (España) :
Unidad subordinada Instituto "Jerónimo Zurita"
9 (RLIN) 67685
830 #0 - PUNTO DE ACCESO ADICIONAL DE SERIE-TÍTULO UNIFORME
Título uniforme Cuadernos de Historia
Designación de volumen o secuencia 7
9 (RLIN) 67686
Holdings
Estado de retiro Estado de pérdida Restricciones de uso No para préstamo Código de colección Localización permanente Ubicación/localización actual Ubicación en estantería Fecha de adquisición Número de inventario Total de préstamos Signatura topográfica completa Código de barras Fecha visto por última vez Precio válido a partir de Tipo de ítem Koha
      Excluido de préstamo Monografías: Libros y Folletos General General En catalogación 19.09.2013 LF1   v. 7 41139-10 25.06.2020 25.06.2020 No se presta
      Excluido de préstamo Monografías: Libros y Folletos General General En catalogación 19.09.2013 LF1   v. 10 41139-20 25.06.2020 25.06.2020 No se presta

Powered by Koha